000 00362nam a22001577a 4500
003 MPLRDC
005 20220104144113.0
008 210129b ||||| |||| 00| 0 eng d
082 _a857.7 YQ v.42 c.2
100 _a严沁
245 _a
_c
260 _a
_b隽雅出版社
_c1985
300 _b
650 _a长篇小说
942 _cBK
_o857.7 YQ v.42 c.2
999 _c46403
_d46393